000 00298nam a22001217a 4500
020 _a0-19-577127-3
082 _a958.1 ROB'K
100 _aROBERTON, SIR GEORGE SCOTT
_979151
245 _aTHE KAFIRS OF THE HINDU KUSH
260 _aLONDON
_bLAWRANCE & BULLEN
_c1974
300 _a667P
942 _cBK
999 _c584213
_d584213